Aritmética y nociones de geometría primer libro.

Saved in:
Bibliographic Details
Main Author: Rozán, José E.
Format: Book
Language:Spanish
Published: México, D. F. Edit. Progreso 1965
Edition:9a. ed.
Textbook Catalogue:MANES:  Library Catalog Search Result
Textbook Classification:
Tags: Add Tag
No Tags, Be the first to tag this record!
Added to:2018-12-08
Changed in:2022-04-05

MARC

LEADER 00000nam a2200000 4500
005 20220406014859.0
008 181209b xxu||||| |||| 00| 0 spa d
040 |a centro_manes  |c universidad_colima 
100 |9 23138  |a Rozán, José E. 
245 |a Aritmética y nociones de geometría primer libro. 
250 |a 9a. ed. 
260 |a México, D. F.   |b Edit. Progreso   |c 1965 
300 |a VIII-184 p.  |c 20 cm. 
500 |a Aparece: Francisco Ziga, "Bibliografía Pedagógica. Libros de texto para enseñanza primaria:1850-1970 V. Libros de Matemáticas" en Boletín del Instituto de Investigaciones Bibliográficas 1981-1982, Biblioteca Nacional, Hemeroteca Nacional, Universidad Nacional Autónoma de México, Nos. 18 - 19 p. 62.  |a Ils 
690 0 |a MATE 
691 0 |a PRI 
942 |2 ddc  |c BK 
999 |c 53939  |d 53939 
999 |c manes:53939  |d 53939